| 000 | 00734nam a22002657a 4500 | ||
|---|---|---|---|
| 001 | 0011757 | ||
| 003 | DO-SdBNP | ||
| 005 | 20180209093816.0 | ||
| 007 | 0011756 | ||
| 008 | 161110b 1994 sp||||| |||| 00| 0 spa d | ||
| 020 | _a9788434838512 | ||
| 040 |
_aBPMSU _bspa _cBPMSU |
||
| 082 |
_axxxxxxxxx _bxxxxxxxxx |
||
| 100 | 1 | _aEsteban, Ángel | |
| 245 | 1 |
_aAntón quiere ser dragón / _cÁngel Esteban ; colección Isabel Cano |
|
| 250 | _a2a ed. | ||
| 260 |
_aMadrid : _bEdiciones SM, _c1994. |
||
| 300 |
_a31 p. : _bil., _c18 cm. |
||
| 490 | 1 | _aLos piratas | |
| 700 | 1 |
_aCano, Isabel, _3colección |
|
| 830 | 0 | _aLos piratas | |
| 942 |
_2ddc _cBK |
||
| 945 | _ainventariado, 2018 / dg | ||
| 956 |
_aBTAVÁREZ _b10 _c20161110 _d0011757 |
||
| 999 |
_c11892 _d11892 |
||